00346nam a2200133Ia 4500008004100000020001500041041001200056100001400068245006200082260003300144300000800177650001500185700001200200221030s9999 xx 000 0 und d a8126533466 aEnglish aM. Sathye 0aInternational Financial Managementcby M. Sathye, L. Rose bWilley Pub.aNew Delhic2012 a494 aManagement aL. Rose